[Event "Figueres op"]
[Site "?"]
[Date "2011.08.18"]
[Round "9"]
[White "Padrosa Baro, C."]
[Black "Balague Canadell, J."]
[Result "0-1"]
[WhiteElo "1829"]
[BlackElo "2063"]
[PlyCount "80"]
[EventDate "2011.??.??"]
[EventType "swiss"]
[Source "Chessbase"]
[SourceDate "2011.08.25"]

1. e4 c5 2. Nf3 g6 3. d4 cxd4 4. Nxd4 Nc6 5. Nc3 Bg7 6. Be3 Nf6 7. Bc4 O-O 8.
Bb3 Qa5 9. O-O e6 10. h3 d5 11. exd5 Nxd5 12. Nxc6 bxc6 13. Nxd5 cxd5 14. c3
Ba6 15. Re1 Qc7 16. Qd2 Bb5 17. Bh6 a5 18. Bxg7 Kxg7 19. Qd4+ Kg8 20. a4 Ba6
21. Bc2 Rfc8 22. Bd3 Bxd3 23. Qxd3 Rab8 24. Re2 Rb3 25. Ra2 Qc4 26. Qxc4 Rxc4
27. f3 Kf8 28. Kf2 Ke7 29. Rd2 Kd6 30. g3 e5 31. Ra1 d4 32. cxd4 exd4 33. Ke2
Re3+ 34. Kf2 Kd5 35. Ra2 Rb3 36. Ke2 Rbb4 37. Kd3 Rxa4 38. Rxa4 Rxa4 39. Rc2
Rb4 40. f4 Rb3+ 0-1

[Event "Figueres op"]
[Site "?"]
[Date "2011.08.18"]
[Round "9"]
[White "Pruja Ramirez de Cartagena, M."]
[Black "Adrian, C."]
[Result "0-1"]
[WhiteElo "2269"]
[BlackElo "2291"]
[PlyCount "110"]
[EventDate "2011.??.??"]
[EventType "swiss"]
[Source "Chessbase"]
[SourceDate "2011.08.25"]

1. e4 e6 2. d4 d5 3. Bd3 dxe4 4. Bxe4 Nf6 5. Bf3 Nbd7 6. Ne2 Bd6 7. Nbc3 O-O 8.
O-O e5 9. Bg5 h6 10. Bxf6 Nxf6 11. d5 Nd7 12. Ne4 f5 13. Nxd6 cxd6 14. Nc3 e4
15. Be2 Ne5 16. Qd4 Qf6 17. Rad1 Qg6 18. Kh1 a6 19. a4 Bd7 20. f3 exf3 21. gxf3
Rae8 22. Rde1 Qf6 23. f4 Ng4 24. Qxf6 Nxf6 25. Bd3 Kf7 26. h3 Nh5 27. Rxe8 Rxe8
28. Kg2 g6 29. Kf3 g5 30. fxg5 hxg5 31. Ne2 f4 32. Kg2 Re3 33. Ng1 Bxa4 34. Bf5
Ng3 35. Be6+ Kf6 36. Rf3 Rxf3 37. Nxf3 Bxc2 38. Bc8 Be4 39. Bxb7 a5 40. Kf2 Nf5
41. Nd2 Bd3 42. Nb3 a4 43. Na5 Nd4 44. Bc6 Bc2 45. Nc4 Bf5 46. Nxd6 Bxh3 47.
Bxa4 g4 48. Bd1 g3+ 49. Kg1 Ke5 50. Nf7+ Kxd5 51. Ng5 Bf5 52. Bf3+ Nxf3+ 53.
Nxf3 Ke4 54. Nd2+ Kd3 55. Nf1 Bh3 0-1

[Event "Figueres op"]
[Site "?"]
[Date "2011.08.18"]
[Round "9"]
[White "Temprano Mateos, LJ."]
[Black "Spielmann, A."]
[Result "1/2-1/2"]
[WhiteElo "2010"]
[BlackElo "2266"]
[PlyCount "88"]
[EventDate "2011.??.??"]
[EventType "swiss"]
[Source "Chessbase"]
[SourceDate "2011.08.25"]

1. d4 Nf6 2. c4 g6 3. Nf3 Bg7 4. g3 d5 5. Bg2 dxc4 6. Qa4+ Nc6 7. Ne5 Bd7 8.
Nxc6 bxc6 9. Bxc6 O-O 10. Bxd7 Nxd7 11. Qxc4 Nb6 12. Qd3 Qxd4 13. Qxd4 Bxd4 14.
Nc3 Nc4 15. Rb1 Rab8 16. Bd2 Rfd8 17. b3 Nxd2 18. Kxd2 Bxf2+ 19. Kc2 Rd7 20.
Rbd1 Rbd8 21. Rd3 f5 22. Rhd1 Rxd3 23. Rxd3 Rxd3 24. Kxd3 Kf7 25. e3 h5 26. Nb5
Bg1 27. Nxa7 Bxh2 28. a4 Bxg3 29. a5 h4 30. Ke2 h3 31. Kf3 h2 32. Kg2 Bf2 33.
a6 Bxe3 34. Nc6 Ke6 35. a7 Bxa7 36. Nxa7 Ke5 37. Nc6+ Kd6 38. Nd8 e5 39. Kxh2
Kd5 40. Kg3 g5 41. Nf7 g4 42. Nd8 c5 43. Nb7 Kc6 44. Na5+ Kd6 1/2-1/2

[Event "Figueres op"]
[Site "?"]
[Date "2011.08.18"]
[Round "9"]
[White "Toste Nieto, A."]
[Black "Campo Echevarria, JF."]
[Result "1/2-1/2"]
[WhiteElo "1964"]
[BlackElo "2112"]
[PlyCount "187"]
[EventDate "2011.??.??"]
[EventType "swiss"]
[Source "Chessbase"]
[SourceDate "2011.08.25"]

1. e4 c5 2. Nf3 Nc6 3. Be2 g6 4. d4 cxd4 5. Nxd4 Bg7 6. Be3 Nf6 7. Nc3 O-O 8.
Qd2 d5 9. exd5 Nxd5 10. Nxd5 Nxd4 11. c4 Nxe2 12. Qxe2 Be6 13. Nf4 Bf5 14. O-O
e6 15. Rfd1 Qc7 16. f3 h5 17. Rd2 Rac8 18. Rc1 Rfd8 19. b3 Rxd2 20. Qxd2 Rd8
21. Qf2 Be5 22. g3 b6 23. Ne2 Bb2 24. Re1 e5 25. f4 f6 26. Bc1 Bxc1 27. Nxc1
Rd4 28. fxe5 fxe5 29. Qe3 Qd6 30. Kf2 Re4 31. Qc3 Rd4 32. Qe3 e4 33. Qf4 Qc5
34. Qe3 Kg7 35. Kg2 Bg4 36. Ne2 Bf3+ 37. Kf1 Bxe2+ 38. Kxe2 Qd6 39. Qf4 Qxf4
40. gxf4 Rd3 41. Rf1 Kf6 42. Rf2 Kf5 43. Rf1 a5 44. Rf2 a4 45. bxa4 Ra3 46. Kf1
Rxa4 47. Rb2 Rxc4 48. Rxb6 Rc2 49. a4 Rxh2 50. a5 Ra2 51. a6 h4 52. Kg1 h3 53.
Rb3 Rxa6 54. Rxh3 Kg4 55. Rh8 Kxf4 56. Rf8+ Kg3 57. Kf1 Ra2 58. Rg8 Kf3 59.
Rf8+ Kg4 60. Re8 Kf3 61. Rf8+ Ke3 62. Rg8 Rf2+ 63. Ke1 Rf6 64. Ra8 Kf4 65. Ke2
g5 66. Ra7 g4 67. Kf2 g3+ 68. Kg2 Rb6 69. Ra4 Rd6 70. Ra3 Rd2+ 71. Kg1 Rd3 72.
Ra8 Kf3 73. Rf8+ Ke2 74. Kg2 Kd2 75. Re8 Re3 76. Ra8 Rb3 77. Re8 Re3 78. Ra8
Rb3 79. Re8 e3 80. Ra8 Rd3 81. Kxg3 Ke1 82. Ra1+ Rd1 83. Ra3 Ke2 84. Kg2 Rd3
85. Ra2+ Rd2 86. Ra1 Kd3+ 87. Kf1 Rh2 88. Ra3+ Ke4 89. Ra8 Rf2+ 90. Ke1 Rf5 91.
Ke2 Rd5 92. Re8+ Re5 93. Rxe5+ Kxe5 94. Kxe3 1/2-1/2

[Event "Figueres op"]
[Site "?"]
[Date "2011.08.18"]
[Round "9"]
[White "Triadu Cassa, J."]
[Black "Perez Calahorra, R."]
[Result "1-0"]
[WhiteElo "2083"]
[BlackElo "2181"]
[PlyCount "89"]
[EventDate "2011.??.??"]
[EventType "swiss"]
[Source "Chessbase"]
[SourceDate "2011.08.25"]

1. e4 c5 2. Nf3 d6 3. d4 cxd4 4. Nxd4 Nf6 5. Nc3 a6 6. Bc4 e6 7. Bb3 Nbd7 8.
O-O Nc5 9. Re1 Be7 10. f4 Nxb3 11. axb3 h5 12. h3 h4 13. f5 e5 14. Nf3 Bd7 15.
Bg5 Bc6 16. Bxh4 Ng4 17. Bg3 Qb6+ 18. Kh1 O-O-O 19. Nd5 Bxd5 20. Qxd5 Rd7 21.
Ra4 Bf6 22. b4 Rc7 23. c3 Rh6 24. Qd3 Nf2+ 25. Bxf2 Qxf2 26. Qe2 Qg3 27. b5 a5
28. Rxa5 g5 29. fxg6 fxg6 30. Nh2 Rh4 31. Ra8+ Kd7 32. Rf1 Be7 33. Ra7 Kc8 34.
Ra8+ Kd7 35. Rb8 d5 36. exd5 Rcc4 37. Rxb7+ Ke8 38. Qf3 Qf4 39. b6 Bd6 40. Ra1
Rc8 41. Qxf4 Rxf4 42. Rf1 e4 43. Rxf4 Bxf4 44. Ng4 Bg3 45. Nf6+ 1-0

[Event "Figueres op"]
[Site "?"]
[Date "2011.08.18"]
[Round "9"]
[White "Vinardell Cruañas, S."]
[Black "Gonzalez Vericat, S."]
[Result "1-0"]
[WhiteElo "2061"]
[BlackElo "2229"]
[PlyCount "87"]
[EventDate "2011.??.??"]
[EventType "swiss"]
[Source "Chessbase"]
[SourceDate "2011.08.25"]

1. e4 e6 2. d4 d5 3. Nc3 Bb4 4. e5 c5 5. a3 Ba5 6. b4 cxd4 7. Qg4 Ne7 8. bxa5
dxc3 9. Qxg7 Rg8 10. Qxh7 Qxa5 11. Nf3 Nbc6 12. Ng5 Rf8 13. Be2 Nxe5 14. Qg7
N5g6 15. Bd3 d4 16. Nh7 Qe5+ 17. Qxe5 Nxe5 18. Bb5+ Bd7 19. Bxd7+ Kxd7 20.
Nxf8+ Rxf8 21. Ke2 Nd5 22. h4 b5 23. Rb1 Kc6 24. Rd1 Kc5 25. Rh1 a5 26. h5 Nf6
27. Bg5 Nd5 28. h6 Ng6 29. g3 e5 30. f3 f5 31. h7 e4 32. fxe4 fxe4 33. Rbf1 Rh8
34. Bf6 Kc4 35. Bxh8 d3+ 36. Ke1 Ne3 37. cxd3+ exd3 38. Bxc3 Kxc3 39. Rf3 Nc2+
40. Kf2 Nd4 41. Rf6 Nh8 42. Rf8 Ng6 43. Rg8 Ne5 44. h8=Q 1-0

[Event "Salou op"]
[Site "?"]
[Date "2011.05.09"]
[Round "7.3"]
[White "Moskalenko, V."]
[Black "Narciso Dublan, M."]
[Result "1/2-1/2"]
[WhiteElo "2564"]
[BlackElo "2551"]
[PlyCount "124"]
[EventDate "2011.??.??"]
[EventType "swiss"]
[Source "Chessbase"]
[SourceDate "2011.05.26"]

1. d4 d6 2. c4 e5 3. e3 Nd7 4. Nc3 g6 5. g3 Bg7 6. Bg2 Nh6 7. Nge2 O-O 8. b3 f5
9. dxe5 dxe5 10. Ba3 Re8 11. Qc2 c6 12. O-O Qa5 13. Bb2 Nf6 14. Rad1 Nf7 15.
Na4 Qc7 16. Qc1 e4 17. Qa1 Qe7 18. Kh1 Ng5 19. Ng1 Ng4 20. Bxg7 Qxg7 21. Qxg7+
Kxg7 22. Rd2 Kf6 23. h3 Ne5 24. Rfd1 Ke7 25. Bf1 b6 26. Be2 Be6 27. Kg2 Rac8
28. f4 exf3+ 29. Nxf3 Ngxf3 30. Bxf3 b5 31. cxb5 cxb5 32. Nb2 Red8 33. Rxd8
Rxd8 34. Rxd8 Kxd8 35. Be2 b4 36. Nd3 Bd5+ 37. Kf2 Nxd3+ 38. Bxd3 Ke7 39. h4 a5
40. Ke2 Kf6 41. Ke1 Ke5 42. Kd2 Be4 43. Bb5 Kf6 44. Be2 g5 45. hxg5+ Kxg5 46.
Ke1 h6 47. Bd1 Bb1 48. Kd2 h5 49. Be2 Be4 50. Ke1 Bg2 51. Kf2 Be4 52. Ke1 h4
53. gxh4+ Kxh4 54. Kd2 Kg3 55. Bb5 Kf2 56. Bd7 Bb1 57. Kc1 Be4 58. Kd2 Kf3 59.
Bc8 Kf2 60. Bd7 Bb1 61. Kc1 Bxa2 62. Kb2 Bxb3 1/2-1/2

[Event "Salou op"]
[Site "?"]
[Date "2011.05.09"]
[Round "7.5"]
[White "Fedorchuk, S."]
[Black "Inkiov, V."]
[Result "1-0"]
[WhiteElo "2650"]
[BlackElo "2504"]
[PlyCount "87"]
[EventDate "2011.??.??"]
[EventType "swiss"]
[Source "Chessbase"]
[SourceDate "2011.05.26"]

1. e4 e5 2. Nf3 Nc6 3. Bb5 f5 4. d3 fxe4 5. dxe4 Nf6 6. Qd3 Bb4+ 7. c3 Bc5 8.
O-O Qe7 9. b4 Bb6 10. Bc4 d6 11. Na3 a5 12. Nc2 axb4 13. cxb4 Be6 14. a4 Bxc4
15. Qxc4 Qf7 16. Qd3 d5 17. exd5 e4 18. Qe2 Qxd5 19. Rd1 Qh5 20. a5 Bxf2+ 21.
Qxf2 O-O 22. Bb2 Ng4 23. Qh4 Qxh4 24. Nxh4 Rf7 25. Rf1 Rxf1+ 26. Rxf1 Rd8 27.
Nf5 h5 28. h3 Rd2 29. Rc1 Nf2 30. Bc3 Rd3 31. Be1 Nd1 32. b5 Na7 33. Nb4 Rd7
34. Nd5 c6 35. b6 Nb5 36. Rxd1 cxd5 37. Rxd5 Rxd5 38. Ne7+ Kf7 39. Nxd5 Ke6 40.
a6 Kxd5 41. axb7 Kc4 42. b8=Q Kd3 43. b7 Ke2 44. Qe5 1-0

[Event "Salou op"]
[Site "?"]
[Date "2011.05.11"]
[Round "9.1"]
[White "Hernandez Carmenates, H."]
[Black "Peralta, F."]
[Result "1/2-1/2"]
[WhiteElo "2564"]
[BlackElo "2603"]
[PlyCount "91"]
[EventDate "2011.??.??"]
[EventType "swiss"]
[Source "Chessbase"]
[SourceDate "2011.05.26"]

1. d4 Nf6 2. c4 e6 3. Nf3 d5 4. Nc3 Bb4 5. cxd5 exd5 6. Bg5 Nbd7 7. e3 c5 8.
Bd3 Qa5 9. Qc2 c4 10. Bf5 O-O 11. O-O Re8 12. Nd2 g6 13. Bh3 Kg7 14. a3 Bxc3
15. Qxc3 Qxc3 16. bxc3 h6 17. Bxf6+ Nxf6 18. Bxc8 Raxc8 19. Rfb1 Re7 20. Rb5
Rc6 21. a4 a6 22. Rb4 Ne8 23. Rab1 Nd6 24. Kf1 Kf8 25. Ke2 Ke8 26. g4 Kd7 27.
R4b2 Rc8 28. Rg1 Kc6 29. h4 b6 30. Rc2 g5 31. hxg5 hxg5 32. Rh1 f6 33. Rh6 Rf8
34. Ra2 a5 35. Rh1 Rff7 36. Rh6 Rf8 37. Rh1 Rg7 38. Rh6 Rff7 39. e4 dxe4 40.
Ke3 Kd5 41. Rb2 Rh7 42. Rxh7 Rxh7 43. Rxb6 Rh3+ 44. Ke2 e3 45. fxe3 Rh2+ 46.
Ke1 1/2-1/2

[Event "Salou op"]
[Site "?"]
[Date "2011.05.11"]
[Round "9.2"]
[White "Lariño Nieto, D."]
[Black "Hamdouchi, H."]
[Result "0-1"]
[WhiteElo "2466"]
[BlackElo "2592"]
[PlyCount "96"]
[EventDate "2011.??.??"]
[EventType "swiss"]
[Source "Chessbase"]
[SourceDate "2011.05.26"]

1. e4 c5 2. Nc3 Nc6 3. g3 g6 4. Bg2 Bg7 5. d3 d6 6. f4 Nh6 7. Nf3 f5 8. O-O O-O
9. Kh1 Bd7 10. Be3 Nd4 11. Bg1 Rc8 12. Nxd4 cxd4 13. Ne2 e5 14. c3 dxc3 15.
Qb3+ Kh8 16. Nxc3 exf4 17. Rxf4 g5 18. Rff1 f4 19. Qxb7 Bg4 20. gxf4 gxf4 21.
Bf3 Rb8 22. Qxa7 Rxb2 23. Rab1 Rxb1 24. Nxb1 Bxf3+ 25. Rxf3 Qg5 26. Nd2 Ng4 27.
Bd4 Rg8 28. Rh3 h6 29. Nf3 Qb5 30. Bg1 Bf6 31. Qf7 Qb2 32. d4 Rg7 33. Qc4 Qb1
34. Qe2 Kh7 35. Nd2 Qxa2 36. Qd3 Kh8 37. Rf3 Bg5 38. h4 Bxh4 39. Rxf4 Be7 40.
Nf1 Qe6 41. Rf5 Qg6 42. Qg3 d5 43. Qf4 dxe4 44. Ng3 Bd6 45. Qxe4 Bxg3 46. Rf8+
Kh7 47. Qa8 Qh5+ 48. Kg2 Ne3+ 0-1

[Event "Salou op"]
[Site "?"]
[Date "2011.05.11"]
[Round "9.3"]
[White "Moskalenko, V."]
[Black "Epishin, V."]
[Result "1/2-1/2"]
[WhiteElo "2564"]
[BlackElo "2568"]
[PlyCount "33"]
[EventDate "2011.??.??"]
[EventType "swiss"]
[Source "Chessbase"]
[SourceDate "2011.05.26"]

1. d4 d5 2. c4 e6 3. Nc3 Be7 4. Nf3 Nf6 5. Bg5 h6 6. Bh4 O-O 7. e3 Ne4 8. Bxe7
Qxe7 9. Qc2 Nxc3 10. Qxc3 dxc4 11. Bxc4 b6 12. O-O Bb7 13. Ne5 Nd7 14. Nxd7
Qxd7 15. Rfd1 a5 16. Rac1 Rac8 17. a3 1/2-1/2

[Event "Salou op"]
[Site "?"]
[Date "2011.05.11"]
[Round "9.4"]
[White "Rivas Pastor, M."]
[Black "Cornette, M."]
[Result "1/2-1/2"]
[WhiteElo "2533"]
[BlackElo "2544"]
[PlyCount "150"]
[EventDate "2011.??.??"]
[EventType "swiss"]
[Source "Chessbase"]
[SourceDate "2011.05.26"]

1. d4 Nf6 2. Nf3 d5 3. c4 e6 4. Bg5 Bb4+ 5. Nc3 h6 6. Bxf6 Qxf6 7. Qa4+ Nc6 8.
e3 O-O 9. Rc1 Rd8 10. cxd5 exd5 11. a3 Bf8 12. Be2 Ne7 13. b4 Ng6 14. Qb3 c6
15. Na4 Bg4 16. Nc5 Rab8 17. Qd1 Bd6 18. g3 Re8 19. Nd2 Bh3 20. Bg4 Bxg4 21.
Qxg4 h5 22. Qe2 Re7 23. Kf1 h4 24. Qf3 Qg5 25. g4 Bxc5 26. Rxc5 Nf8 27. Qf5 Ne6
28. Qxg5 Nxg5 29. Rc3 Rbe8 30. Ke2 Ne4 31. Nxe4 Rxe4 32. Kf3 f5 33. gxf5 Rf8
34. Rg1 Rxf5+ 35. Ke2 Re6 36. Rg4 g5 37. Rc1 Kf7 38. Rf1 Kf6 39. f4 Rxf4 40.
Rgxf4+ gxf4 41. Rxf4+ Kg5 42. h3 Re7 43. Rg4+ Kh5 44. Rg8 b5 45. Rc8 Re6 46.
Rc7 Rg6 47. Rh7+ Kg5 48. Rxa7 Kf5 49. Rf7+ Ke6 50. Rh7 Rg2+ 51. Kd3 Ra2 52.
Rh6+ Kd7 53. Rxh4 Rxa3+ 54. Kd2 Ra2+ 55. Kc3 Ra3+ 56. Kd2 Ra2+ 57. Kd3 Ra3+ 58.
Ke2 Rb3 59. Rh7+ Kd6 60. h4 Rxb4 61. h5 Rb1 62. Kf3 Rh1 63. Kg4 Ke6 64. Rh6+
Kd7 65. Rh7+ Kc8 66. Rf7 b4 67. Rf2 Kd7 68. Rb2 Ke6 69. Rxb4 Rg1+ 70. Kf4 Kf6
71. Rb8 Rf1+ 72. Kg4 Rg1+ 73. Kf3 Rh1 74. Rh8 Kg5 75. h6 Rh3+ 1/2-1/2

[Event "Salou op"]
[Site "?"]
[Date "2011.05.11"]
[Round "9.5"]
[White "Fedorchuk, S."]
[Black "Oberhofer, A."]
[Result "1-0"]
[WhiteElo "2650"]
[BlackElo "2270"]
[PlyCount "55"]
[EventDate "2011.??.??"]
[EventType "swiss"]
[Source "Chessbase"]
[SourceDate "2011.05.26"]

1. e4 e5 2. Nf3 Nc6 3. Bb5 Nf6 4. d3 d6 5. O-O Bd7 6. c3 g6 7. Re1 Bg7 8. Ba4
O-O 9. Nbd2 Re8 10. Nf1 h6 11. Ng3 Rb8 12. h3 Qc8 13. Be3 Kh7 14. Bc2 a5 15. d4
exd4 16. cxd4 Nb4 17. Bb1 Na6 18. a3 c5 19. Bf4 Qc6 20. dxc5 Nxc5 21. Bxd6 Rbc8
22. e5 Nd5 23. Bxc5 Qxc5 24. Ne4 Qc6 25. Nd6 Bxe5 26. Nxc8 Bxb2 27. Rxe8 Bxe8
28. Be4 1-0

[Event "Balaguer op"]
[Site "?"]
[Date "2012.06.16"]
[Round "1"]
[White "Aloy Piulats, R."]
[Black "Gomez Ledo, RC."]
[Result "0-1"]
[WhiteElo "1805"]
[BlackElo "2428"]
[PlyCount "50"]
[EventDate "2012.??.??"]
[EventType "swiss"]
[EventRounds "9"]

1. e4 d6 2. Nc3 Nf6 3. d3 e5 4. Be2 c6 5. Nf3 Nbd7 6. Bd2 d5 7. exd5 cxd5 8. d4
e4 9. Ne5 Bd6 10. Bb5 O-O 11. Bxd7 Bxd7 12. Bg5 Be6 13. O-O Qc8 14. f4 exf3 15.
Bxf6 gxf6 16. Nxf3 Kh8 17. Qd2 Rg8 18. Ne2 Bh3 19. Nf4 Bxf4 20. Qxf4 Bxg2 21.
Qxf6+ Rg7 22. Rf2 Bxf3+ 23. Kf1 Qc4+ 24. Ke1 Re8+ 25. Kd2 Qb4+ 0-1

[Event "Balaguer op"]
[Site "?"]
[Date "2012.06.16"]
[Round "1"]
[White "Amigo Vilalta, J."]
[Black "Sole Gonzalez, E."]
[Result "1-0"]
[WhiteElo "2242"]
[BlackElo "1539"]
[PlyCount "83"]
[EventDate "2012.??.??"]
[EventType "swiss"]
[EventRounds "9"]

1. d4 d5 2. c4 c6 3. e3 Nf6 4. Nf3 Bg4 5. Qb3 Qb6 6. Ne5 e6 7. Nxg4 Nxg4 8.
Qxb6 axb6 9. f3 Nf6 10. Bd3 Bd6 11. e4 h6 12. O-O Bc7 13. cxd5 cxd5 14. Nc3 O-O
15. Nb5 Rc8 16. Nxc7 Rxc7 17. Bf4 Rc6 18. Rac1 Nbd7 19. Bb5 Rxc1 20. Rxc1 dxe4
21. fxe4 Nf8 22. Bd3 Ne8 23. a3 Rd8 24. Rc4 Ng6 25. Bg3 e5 26. d5 f6 27. Rb4
Rd6 28. Bf2 Nf4 29. Bf1 Rd7 30. g3 Ng6 31. Bxb6 Nd6 32. Bh3 f5 33. exf5 Ne7 34.
f6 Nef5 35. g4 Nd4 36. Bxd4 exd4 37. g5 Rd8 38. Be6+ Kf8 39. gxh6 gxf6 40. Rxd4
Ne8 41. Rf4 b6 42. Kg2 1-0

[Event "Balaguer op"]
[Site "?"]
[Date "2012.06.16"]
[Round "1"]
[White "Argerich Farras, J."]
[Black "Fernandez Alvarez, J."]
[Result "1-0"]
[WhiteElo "2133"]
[BlackElo "1371"]
[PlyCount "21"]
[EventDate "2012.??.??"]
[EventType "swiss"]
[EventRounds "9"]

1. Nf3 c5 2. g3 Nc6 3. d4 cxd4 4. Nxd4 e5 5. Nxc6 bxc6 6. Bg2 d5 7. c4 Bb7 8.
Nc3 Be7 9. cxd5 e4 10. dxc6 Bc8 11. O-O 1-0

[Event "Balaguer op"]
[Site "?"]
[Date "2012.06.16"]
[Round "1"]
[White "Ayza Casamitjana, A."]
[Black "Cori Tello, J."]
[Result "0-1"]
[WhiteElo "1868"]
[BlackElo "2479"]
[PlyCount "100"]
[EventDate "2012.??.??"]
[EventType "swiss"]
[EventRounds "9"]

1. e4 e5 2. Nf3 Nc6 3. Bb5 a6 4. Ba4 Nf6 5. O-O Nxe4 6. Bxc6 dxc6 7. Re1 Nc5 8.
Nxe5 Be7 9. d4 Ne6 10. c3 O-O 11. Nd2 c5 12. Ndf3 cxd4 13. Nxd4 Nxd4 14. Qxd4
Qxd4 15. cxd4 Be6 16. Bd2 Rfd8 17. Bc3 Bf6 18. a3 a5 19. h3 Rd6 20. Rad1 b6 21.
Rd2 Rad8 22. Rde2 h5 23. f4 Bh4 24. Rc1 Bg3 25. Be1 Bxf4 26. Rxc7 Rxd4 27. g3
Bc4 28. Rxc4 Bxe5 29. Rc6 R4d5 30. Kg2 Rb5 31. Bc3 Bxc3 32. Rxc3 Kh7 33. Rf2
Kg6 34. Rc6+ f6 35. Rc3 Rd1 36. Rcc2 Rd3 37. Rf3 Rxf3 38. Kxf3 Kf5 39. Re2 Rb3+
40. Kf2 h4 41. g4+ Kf4 42. Kg2 a4 43. Rc2 b5 44. Rf2+ Ke4 45. Rc2 Rg3+ 46. Kh2
Rd3 47. Kg2 Ke3 48. Rc7 Rd2+ 49. Kg1 Rxb2 50. Rxg7 b4 0-1

[Event "Balaguer op"]
[Site "?"]
[Date "2012.06.16"]
[Round "1"]
[White "Barbero Sendic, A."]
[Black "Paul Cava, J."]
[Result "1-0"]
[WhiteElo "2370"]
[BlackElo "1722"]
[PlyCount "75"]
[EventDate "2012.??.??"]
[EventType "swiss"]
[EventRounds "9"]

1. e4 e6 2. Nc3 c6 3. e5 d5 4. Nf3 c5 5. g3 Nc6 6. Bg2 Nge7 7. O-O Ng6 8. Re1
Be7 9. h4 b6 10. d3 h6 11. h5 Nf8 12. d4 c4 13. b3 Ba6 14. a4 Bb4 15. Bd2 Qe7
16. Nb5 Bxb5 17. axb5 c3 18. bxc6 cxd2 19. Nxd2 Bc3 20. Ra4 b5 21. Ra6 Bxd4 22.
Nf3 Bb6 23. Qe2 Qc5 24. Bf1 Rc8 25. b4 Qxc6 26. Qxb5 Qxb5 27. Bxb5+ Ke7 28.
Rea1 Rxc2 29. Rxa7+ Bxa7 30. Rxa7+ Kd8 31. Nd4 Rc1+ 32. Kg2 Kc8 33. Nc6 Rxc6
34. Bxc6 Kb8 35. Rxf7 g6 36. b5 gxh5 37. b6 Ng6 38. Ra7 1-0

[Event "Balaguer op"]
[Site "?"]
[Date "2012.06.16"]
[Round "1"]
[White "Barbosa Martinez, M."]
[Black "Cori Tello, D."]
[Result "0-1"]
[WhiteElo "1724"]
[BlackElo "2386"]
[PlyCount "94"]
[EventDate "2012.??.??"]
[EventType "swiss"]
[EventRounds "9"]

1. d4 Nf6 2. c4 e6 3. Bg5 h6 4. Bxf6 Qxf6 5. Nf3 b6 6. g3 Bb7 7. Bg2 Bb4+ 8.
Nc3 c5 9. O-O Bxc3 10. bxc3 O-O 11. Re1 d6 12. e4 Rd8 13. Nh4 Nc6 14. d5 Na5
15. dxe6 Qxe6 16. Nf5 Nxc4 17. Qg4 Qf6 18. Qe2 Na5 19. Qg4 Rab8 20. Re3 Nc4 21.
Re2 Bc8 22. Qh4 Qxh4 23. Nxh4 Re8 24. f4 g5 25. fxg5 hxg5 26. Nf3 Bg4 27. Rf2
Bxf3 28. Rxf3 Re5 29. Rf5 Ne3 30. Rxe5 dxe5 31. Re1 Nxg2 32. Kxg2 Rd8 33. Kf3
Rd2 34. Re2 g4+ 35. Ke3 Rxe2+ 36. Kxe2 c4 37. Kd2 Kf8 38. Kc2 Ke7 39. Kb2 Kd6
40. Ka3 Kc5 41. Kb2 b5 42. Kc2 a5 43. Kb2 b4 44. Kc2 bxc3 45. Kxc3 a4 46. a3 f6
47. Kd2 Kd4 0-1

[Event "Balaguer op"]
[Site "?"]
[Date "2012.06.16"]
[Round "1"]
[White "Boyard, M."]
[Black "Marti Trilla, A."]
[Result "1-0"]
[WhiteElo "2008"]
[BlackElo "1378"]
[PlyCount "101"]
[EventDate "2012.??.??"]
[EventType "swiss"]
[EventRounds "9"]

1. e4 c5 2. Nf3 Nc6 3. Bb5 g6 4. Bxc6 dxc6 5. h3 Bg7 6. d3 Nf6 7. O-O O-O 8.
Be3 c4 9. e5 Nd5 10. Bd2 cxd3 11. cxd3 Qc7 12. Re1 c5 13. Nc3 Rd8 14. Rc1 Nb4
15. Nb5 Qb6 16. Bxb4 Qxb5 17. Bxc5 Qxb2 18. Bxe7 Re8 19. Re2 Qb5 20. Rc7 Bd7
21. Bf6 Bf5 22. Bxg7 Kxg7 23. Ng5 Be6 24. Nxe6+ Rxe6 25. d4 Rd8 26. Rd2 Qb4 27.
f4 Rd5 28. Kh2 Qb6 29. Rc3 Rc6 30. Rb3 Qc7 31. Qf3 Qa5 32. Qe3 Rb6 33. Rbd3 Ra6
34. f5 gxf5 35. Qg5+ Rg6 36. Qxf5 Qb6 37. Rb3 Qa6 38. Qf3 Qc6 39. Rf2 Qd7 40.
Rb4 b6 41. Rc4 Kg8 42. Rc8+ Kg7 43. Rc7 Qxc7 44. Qxd5 Qe7 45. Rf4 Qe6 46. Qf3
f6 47. Qb7+ Kh6 48. Rh4+ Kg5 49. Qxh7 fxe5 50. Rg4+ Kf5 51. Qh5+ 1-0

[Event "Balaguer op"]
[Site "?"]
[Date "2012.06.16"]
[Round "1"]
[White "Burmakin, V."]
[Black "Turuguet Lopez, JL."]
[Result "1-0"]
[WhiteElo "2590"]
[BlackElo "1932"]
[PlyCount "63"]
[EventDate "2012.??.??"]
[EventType "swiss"]
[EventRounds "9"]

1. d4 Nf6 2. Nf3 g6 3. Bf4 Bg7 4. e3 d5 5. Be2 Bg4 6. O-O c6 7. Nbd2 O-O 8. h3
Bxf3 9. Nxf3 Qb6 10. c4 Nbd7 11. c5 Qd8 12. b4 Nh5 13. Bh2 a5 14. b5 Re8 15.
Rb1 e5 16. bxc6 bxc6 17. dxe5 Nxe5 18. Nd4 Nc4 19. Nxc6 Qg5 20. h4 Qxh4 21.
Qxd5 Nb2 22. Ne5 Rad8 23. Qxf7+ Kh8 24. Nf3 Qe4 25. Rbc1 Nd3 26. Bxd3 Rxd3 27.
c6 Rdd8 28. c7 Rc8 29. Rc4 Qb7 30. Ng5 Rf8 31. Qe6 Rf5 32. Nf7+ 1-0

[Event "Balaguer op"]
[Site "?"]
[Date "2012.06.16"]
[Round "1"]
[White "Del Rey Santos, D."]
[Black "Vladimirov Savov, T."]
[Result "1-0"]
[WhiteElo "2391"]
[BlackElo "1737"]
[PlyCount "57"]
[EventDate "2012.??.??"]
[EventType "swiss"]
[EventRounds "9"]

1. d4 d5 2. c4 c6 3. Nf3 Nf6 4. Qc2 h6 5. e3 Ne4 6. Bd3 Bf5 7. cxd5 Qxd5 8. O-O
e6 9. Ne5 Nd6 10. Nc3 Qa5 11. e4 Bh7 12. Be3 Be7 13. h3 Qc7 14. f4 Nd7 15. b4
a6 16. Rae1 Bh4 17. g3 Be7 18. f5 Rc8 19. Nxf7 exf5 20. Nxh8 Nb6 21. exf5 Kd7
22. Ng6 Bf6 23. Nf4 Ndc4 24. Ne4 Nxe3 25. Nxf6+ gxf6 26. Rxe3 Qd6 27. Qc5 Qxc5
28. dxc5 Na4 29. Rfe1 1-0

[Event "Balaguer op"]
[Site "?"]
[Date "2012.06.16"]
[Round "1"]
[White "Fabrega Ramon, S."]
[Black "Aloma Vidal, R."]
[Result "0-1"]
[WhiteElo "1763"]
[BlackElo "2400"]
[PlyCount "46"]
[EventDate "2012.??.??"]
[EventType "swiss"]
[EventRounds "9"]

1. Nf3 Nf6 2. c4 b6 3. g3 Bb7 4. Bg2 e5 5. d3 Bb4+ 6. Bd2 Bxd2+ 7. Nbxd2 O-O 8.
O-O Re8 9. e3 a5 10. Re1 Na6 11. a3 d5 12. Qc2 e4 13. dxe4 dxe4 14. Nd4 Qe7 15.
Red1 Rad8 16. Ne2 Nc5 17. Nb3 Nd3 18. Nf4 Ne5 19. Nd2 Nf3+ 20. Kh1 Ng4 21. Nxf3
exf3 22. Bh3 Be4 23. Nd5 Rxd5 0-1

[Event "Balaguer op"]
[Site "?"]
[Date "2012.06.16"]
[Round "1"]
[White "Foix Martinez, J."]
[Black "Westerinen, H."]
[Result "0-1"]
[WhiteElo "1671"]
[BlackElo "2345"]
[PlyCount "42"]
[EventDate "2012.??.??"]
[EventType "swiss"]
[EventRounds "9"]

1. e4 e6 2. d4 d5 3. Bb5+ Bd7 4. Bxd7+ Qxd7 5. exd5 exd5 6. Nf3 Bd6 7. Nc3 Ne7
8. Qe2 c6 9. Bg5 Na6 10. Ne5 Qe6 11. O-O O-O 12. Bxe7 Qxe7 13. Rad1 Rfe8 14.
Rfe1 Qc7 15. Rd3 f6 16. Qh5 fxe5 17. Rh3 g6 18. Rg3 Qg7 19. Qf3 exd4 20. Rxe8+
Rxe8 21. Ne2 Bxg3 0-1

[Event "Balaguer op"]
[Site "?"]
[Date "2012.06.16"]
[Round "1"]
[White "Fumas Fontova, E."]
[Black "Ivanov, Jo"]
[Result "0-1"]
[WhiteElo "1707"]
[BlackElo "2367"]
[PlyCount "90"]
[EventDate "2012.??.??"]
[EventType "swiss"]
[EventRounds "9"]

1. e4 c5 2. Nf3 e6 3. d4 cxd4 4. Nxd4 Nc6 5. Nc3 Qc7 6. Be3 a6 7. Bd3 Nf6 8. f3
b5 9. g4 h6 10. Qd2 Bb7 11. O-O-O Rc8 12. h4 g6 13. g5 hxg5 14. hxg5 Rxh1 15.
Rxh1 Nh5 16. Nxc6 Bxc6 17. Qg2 b4 18. Ne2 Bb5 19. Kb1 Bxd3 20. cxd3 Qc2+ 21.
Ka1 Qxd3 22. Rc1 Rxc1+ 23. Bxc1 Qc2 24. f4 Bc5 25. e5 Ke7 26. Qf3 a5 27. Be3
Qd1+ 28. Bc1 a4 29. Qe4 d5 30. exd6+ Kxd6 31. Qe5+ Kc6 32. Qe4+ Qd5 33. Qc2 Kb5
34. Bd2 Qc4 35. Qd1 Kb6 36. Nc1 Nxf4 37. Qxa4 Nd3 38. Nxd3 Qxd3 39. Qd1 e5 40.
Qe1 Kb5 41. Bc1 e4 42. Qh1 Qc2 43. Qf1+ Ka5 44. Bf4 Bd4 45. Bd2 Bxb2# 0-1